000
00296nam a22001337a 4500
008
170616b xxu||||| |||| 00| 0 eng d
020
_a
9780761813910
041
_a
eng
080
_a
32
100
_a
20
101
_a
SHP
245
_a
MIDDLE EAST AT THE CROSSROADS
_c
DORRAJ,M
942
_2
udc
_c
BK
999
_c
17773
_d
17773